Central Library OPAC University of Rajshahi
Normal view MARC view

Entry Personal Name

Number of records used in: 1

001 - CONTROL NUMBER

  • control field: 13138

003 - CONTROL NUMBER IDENTIFIER

  • control field: BD-RjUL

005 - DATE AND TIME OF LATEST TRANSACTION

  • control field: 20240523141832.0

008 - FIXED-LENGTH DATA ELEMENTS

  • fixed length control field: 240523|| aca||aabn | a|a d

040 ## - CATALOGING SOURCE

  • Original cataloging agency: BD-RjUL
  • Transcribing agency: BD-RjUL

100 ## - HEADING--PERSONAL NAME

  • Personal name: লালন শাহ
  • Dates associated with a name: ১৭৭৪-১৮৯০

670 ## - SOURCE DATA FOUND

  • Source citation: Work cat.: (BD-RjUL)40650: করিম, আনোয়ারুল 125079, বাউল কবি লালন শাহ /, ১৯৬৩